| 000 | 00363nam a2200145Ia 4500 | ||
|---|---|---|---|
| 008 | 230917s9999||||xx |||||||||||||| ||und|| | ||
| 040 |
_e160167 _aMAIN |
||
| 041 | _aEnglish | ||
| 082 | _a647.940681 A51H | ||
| 100 | _aAhmad, Naseem | ||
| 245 | 0 | _aHotel management and accounting | |
| 260 |
_aDelhi _bAnmol Publications _c2006 |
||
| 300 | _a420 p. | ||
| 942 | _cBK | ||
| 999 |
_c143487 _d143487 |
||